000 00584pam a2200217 a 4500
020 _c
040 _aMedical College Lib
041 _aENG
_hENG
082 _a616
_bCAR
100 _aCarey, C. F. .
245 _aThe Washington Manual of Medical Therapeutics /
_c
_hTextual Documents
250 _a29th /
_b.
260 _aPhiladelpha :
_bLippincott-Raven ,
_c1998.
300 _a448 ;
_c
365 _a741=00
653 _aMedicine
_aMedical Science
907 _a5230
_a5231
930 _a2856
999 _c2855
_d2855